Washing the cow´s skull; Lavando la calavera de vaca
Αποθηκεύτηκε σε:
| Μορφή: | Βιβλίο |
|---|---|
| Γλώσσα: | Undetermined |
| Έκδοση: |
Texas, Estados Unidos
Prickly Pear Press
1981
|
| Θέματα: | |
| Ετικέτες: |
Προσθήκη ετικέτας
Δεν υπάρχουν, Καταχωρήστε ετικέτα πρώτοι!
|
MARC
| LEADER | 00000nam a2200000Ia 4500 | ||
|---|---|---|---|
| 008 | 170316s9999 xx 000 0 und d | ||
| 040 | |a cru BVZT | ||
| 090 | |a 810 W-8.1w | ||
| 245 | |a Washing the cow´s skull; Lavando la calavera de vaca | ||
| 260 | |a Texas, Estados Unidos | ||
| 260 | |b Prickly Pear Press | ||
| 260 | |c 1981 | ||
| 300 | |a 400 páginas | ||
| 650 | |a LITERATURA ESTADOUNIDENSE | ||
| 999 | |c 6315 |d 6315 | ||
| 942 | |c 15 D |h 810 W-8.1w |2 z | ||
